Goya: mujeres en el Museo del Prado
Gespeichert in:
| 1. Verfasser: | |
|---|---|
| Format: | Buch |
| Sprache: | Spanisch |
| Veröffentlicht: |
Granada
Albacian
1967
|
| Schriftenreihe: | Forma y Color. Los grandes ciclos del arte, 53
|
| Schlagworte: | |
| Tags: |
Tag hinzufügen
Keine Tags, Fügen Sie den ersten Tag hinzu!
|
MARC
| LEADER | 00000nam a2200000 a 4500 | ||
|---|---|---|---|
| 001 | UCU5429 | ||
| 003 | CL-VaPUC | ||
| 008 | 960604e19670000SP |||||||||||||||||spa|d | ||
| 082 | 0 | 4 | |a 759.04 |b LAF |2 21 |
| 100 | |a Lafuente Ferrari, Enrique |e author |9 572969 | ||
| 245 | 1 | 0 | |a Goya: mujeres en el Museo del Prado |
| 300 | |a 9 p | ||
| 942 | |c BK | ||
| 945 | |d 19960604 00:00:00 |a rbrito | ||
| 260 | |a Granada |b Albacian |c 1967 | ||
| 600 | 0 | |a Goya y Lucientes, Francisco José de |9 315215 | |
| 650 | 0 | |a Pintura española |9 315217 | |
| 650 | 0 | |a Pintores españoles |9 315216 | |
| 583 | |a last modification |c 19960604 00:00:00 |k Rodrigo Vera | ||
| 490 | 0 | |a Forma y Color. Los grandes ciclos del arte, 53 | |
| 999 | |c 248796 |d 248794 | ||
| 952 | |0 0 |1 0 |4 0 |6 759_040000000000000_LAF_1967 |7 0 |8 A |9 265658 |a BIBARQ |b BIBARQ |d 2019-11-19 |i 3207196 |o 759.04 LAF 1967 |p 3207196 |r 2025-01-20 |w 2019-11-19 |y BK |k ARQ | ||